A text of fluid mechanics and hydraulic machines( S I units) / (Record no. 75454)
[ view plain ]
| 000 -LEADER | |
|---|---|
| fixed length control field | 01248nam a22002777a 4500 |
| 005 - DATE AND TIME OF LATEST TRANSACTION | |
| control field | 20180530155129.0 |
| 008 - FIXED-LENGTH DATA ELEMENTS--GENERAL INFORMATION | |
| fixed length control field | 130511b xxu||||| |||| 00| 0 eng d |
| 010 ## - LCCN (DPL NO) | |
| LC control number | B-492830 B-691387 B-691610 Rashtrpati-2 |
| 020 ## - INTERNATIONAL STANDARD BOOK NUMBER | |
| Terms of availability | 650.00 |
| International Standard Book Number | 9788131808153 |
| 035 ## - SYSTEM CONTROL NUMBER | |
| System control number | B-492830 B-691387 B-691610 |
| 037 ## - SOURCE OF ACQUISITION | |
| Source of stock number/acquisition | UBH / VEN |
| 037 ## - SOURCE OF ACQUISITION | |
| Source of stock number/acquisition | RK Books |
| 040 ## - CATALOGING SOURCE | |
| Original cataloging agency | dpl |
| Language of cataloging | eng |
| 082 ## - DEWEY DECIMAL CLASSIFICATION NUMBER | |
| Classification number | 620.106 |
| 100 ## - MAIN ENTRY--PERSONAL NAME | |
| 9 (RLIN) | 55301 |
| Personal name | Bansal, R.K. |
| 245 ## - TITLE STATEMENT | |
| Title | A text of fluid mechanics and hydraulic machines( S I units) / |
| Statement of responsibility, etc | by R. K. Bansal |
| 250 ## - EDITION STATEMENT | |
| Edition statement | 9th rev ed. |
| 260 ## - PUBLICATION, DISTRIBUTION, ETC. (IMPRINT) | |
| Place of publication, distribution, etc | New Delhi |
| Name of publisher, distributor, etc | Laxmi Publications |
| Date of publication, distribution, etc | 2013 (reprint) |
| -- | 2017 (reprint) |
| 270 ## - ADDRESS | |
| Address | 113, Golden House, Darya Ganj |
| City | New Delhi |
| Postal code | 110002 |
| 300 ## - PHYSICAL DESCRIPTION | |
| Extent | 1102p |
| Dimensions | 24cm(pbk) |
| 500 ## - GENERAL NOTE | |
| General note | Rashtrpati-2 |
| 942 ## - ADDED ENTRY ELEMENTS (KOHA) | |
| Source of classification or shelving scheme | Dewey Decimal Classification |
| Item type | English Books |
| Classification part | 620.106 |
| Call number suffix | BAN |
| Withdrawn status | Lost status | Source of classification or shelving scheme | Damaged status | Not for loan | Collection code | Home library | Current library | Date acquired | Source of acquisition | Cost, normal purchase price | Total Checkouts | Full call number | Barcode | Date last seen | Copy number | Cost, replacement price | Koha item type | Total Renewals |
|---|---|---|---|---|---|---|---|---|---|---|---|---|---|---|---|---|---|---|
| Dewey Decimal Classification | Non-fiction | Central Library | Central Library | 22/03/2018 | BPPD/ PUR | 650.00 | 31 | 620.106 BAN | B-691387 | 22/06/2024 | 1 | 650.00 | English Books | 30 | ||||
| Dewey Decimal Classification | Non-fiction | Central Library | Central Library | 10/05/2018 | BPPD/ PUR/RP-pansy/1744/7-5-2018 | 650.00 | 12 | 620.106 BAN | B-691610 | 02/08/2024 | 1 | 650.00 | English Books | 7 | ||||
| Dewey Decimal Classification | Non-fiction | Sarojini Nagar | Sarojini Nagar | 11/05/2013 | UBH/254/26.2.13/DPL/ZLS/RP/2012-13/3/847/21.2.13/26.2.13/1.3.13 | 550.00 | 620.106 BAN | B-492830 | 11/05/2013 | 1 | 550.00 | English Books |
